ადამიანის ნორმალური ანატომია : (ბიბ.ჩანაწერი № 63035)
[ მარტივი ფორმატი ]
| 000 -ლიდერი | |
|---|---|
| ფიქსირებული სიგრძის საკონტროლო ველი | 00999nam a22001817a 4500 |
| 003 - საკონტროლო ნომრის იდენტიფიკატორი | |
| საკონტროლო ველი | Ge_BSU |
| 005 - ბოლო ოპერაციის თარიღი და დრო | |
| საკონტროლო ველი | 20250515170432.0 |
| 008 - ფიქსირებული სიგრძის მონაცემთა ელემენტები - ზოგადი ინფორმაცია | |
| ფიქსირებული სიგრძის საკონტროლო ველი | 250515s2023 ge ||||| |||| 00| 0 geo d |
| 041 ## - ენის კოდი | |
| Language code of text/sound track or separate title | geo |
| 080 ## - უნივერსალური ათობითი კლასიფიკაციის ინდექსი | |
| Universal Decimal Classification number | 612.014(075.8) ხ-46 |
| 100 ## - მთავარი ჩანაწერი - პიროვნების სახელი | |
| Personal name | ხეცურიანი, რამაზ |
| 9 (RLIN) | 25051 |
| 245 ## - ცნობა სათაურის შესახებ | |
| Title | ადამიანის ნორმალური ანატომია : |
| Remainder of title | სახელმძღვანელო განკუთვნილია სამედიცინო უმაღლესი სკოლის სტუდენტთათვის / |
| Statement of responsibility, etc | რამაზ ხეცურიანი ; სამეცნ. რედ. ასმათ შუკაკიძე. |
| 264 ## - წარმოების, გამოცემის, დისტრიბუციის და სხვა ცნობები | |
| გამოცემის, წარმოების, დისტრიბუციის... ადგილი | თბილისი, |
| გამოცემის, წარმოების, დისტრიბუციის... თარიღი | 2023. |
| 300 ## - ფიზიკური აღწერა | |
| Extent | 340 გვ.: |
| Other physical details | ილ.; |
| Dimensions | 23 სმ. |
| 653 ## - INDEX TERM--UNCONTROLLED | |
| Uncontrolled term | ადამიანის ანატომია |
| 700 ## - ADDED ENTRY--PERSONAL NAME | |
| Personal name | შუკაკიძე, ასმათ |
| Relator term | რედაქტორი. |
| 9 (RLIN) | 6834 |
| 942 ## - ADDED ENTRY ELEMENTS (KOHA) | |
| Source of classification or shelving scheme | |
| Koha item type | წიგნი |
| ჩამოწერის სტატუსი | დაკარგული ეგზემპლარის სტატუსი | კლასიფიკაციის წყარო ან თაროზე გაწყობის სქემა | დაზიანების სტატუსი | არ გაიცემა | მუდმივი მდებარეობა (დაცვის ადგილი) | ამჟამინდელი ადგილსამყოფელი | თაროზე განთავსების ადგილი | შეძენის თარიღი | ღირებულება, შესყიდვის ნორმალური ფასი | სრული შენახვის შიფრი | შტრიხკოდი | ბოლო ოპერაციის თარიღი | ეგზემპლარის მიმდევრობითი ნომერი (კეტერი?) | ფასის ძალაში შესვლის თარიღი | ეგზემპლარის სახეობა | საჯარო შენიშვნა |
|---|---|---|---|---|---|---|---|---|---|---|---|---|---|---|---|---|
| ბათუმის შოთა რუსთაველის სახელმწიფო უნივერსიტეტის მთავარი ბიბლიოთეკა | ბათუმის შოთა რუსთაველის სახელმწიფო უნივერსიტეტის მთავარი ბიბლიოთეკა | წიგნსაცავი | 2025-05-15 | 51.00 | 612.014(075.8) ხ-46 | 71461 | 2025-05-15 | 71461 | 2025-05-15 | წიგნი | 51 ლ. | |||||
| ბათუმის შოთა რუსთაველის სახელმწიფო უნივერსიტეტის მთავარი ბიბლიოთეკა | ბათუმის შოთა რუსთაველის სახელმწიფო უნივერსიტეტის მთავარი ბიბლიოთეკა | წიგნსაცავი | 2025-05-15 | 51.00 | 612.014(075.8) ხ-46 | 71460 | 2025-05-15 | 71460 | 2025-05-15 | წიგნი | 51 ლ. | |||||
| ბათუმის შოთა რუსთაველის სახელმწიფო უნივერსიტეტის მთავარი ბიბლიოთეკა | ბათუმის შოთა რუსთაველის სახელმწიფო უნივერსიტეტის მთავარი ბიბლიოთეკა | წიგნსაცავი | 2025-05-15 | 51.00 | 612.014(075.8) ხ-46 | 71459 | 2025-05-15 | 71459 | 2025-05-15 | წიგნი | 51 ლ. | |||||
| ბათუმის შოთა რუსთაველის სახელმწიფო უნივერსიტეტის მთავარი ბიბლიოთეკა | ბათუმის შოთა რუსთაველის სახელმწიფო უნივერსიტეტის მთავარი ბიბლიოთეკა | წიგნსაცავი | 2025-05-15 | 51.00 | 612.014(075.8) ხ-46 | 71458 | 2025-05-15 | 71458 | 2025-05-15 | წიგნი | 51 ლ. | |||||
| ბათუმის შოთა რუსთაველის სახელმწიფო უნივერსიტეტის მთავარი ბიბლიოთეკა | ბათუმის შოთა რუსთაველის სახელმწიფო უნივერსიტეტის მთავარი ბიბლიოთეკა | წიგნსაცავი | 2025-05-15 | 51.00 | 612.014(075.8) ხ-46 | 71457 | 2025-05-15 | 71457 | 2025-05-15 | წიგნი | 51 ლ. |
